| 000 | 00486nam a22001817a 4500 | ||
|---|---|---|---|
| 005 | 20251108164034.0 | ||
| 008 | 250721s1997 xx 000 0 ara d | ||
| 082 | 1 | 4 | _a811.9563/مقد |
| 100 | 1 | _aمقدسي، ليلى | |
| 245 | 1 | 0 | _aغمامة الورد / |
| 264 | 1 |
_aاللاذقية : _bدار الحوار، _c1997. |
|
| 300 | _a80ص | ||
| 650 | 1 | 7 | _aالشعر العربي |
| 650 | 1 | 7 | _aالشعر المعاصر |
| 650 | 1 | 7 | _aلبنان |
| 942 |
_2ddc _cBK |
||
| 999 |
_c2056 _d2056 |
||